=LDR 00000nam 2200000 4500 =001 INLIS000000000025061 =005 20130612123611 =008 ***********************************ind** =035 ##$$0010-061300000025061 =041 ##$$a ind =082 ##$$a 2x6 =090 ##$$a 2x6, PIC k =100 ##$$a Picktchall, Muhammad Marmaduke =245 ##$$a Kebudayaan Islam, Muhammad Marmaduke Picktchall; penerjemah, A. Shomad Sobith =260 ##$$a 1993 $b Surabaya =300 ##$$a 224 hlm., 21 cm =650 ##$$a Kebudayaan Islam =850 ##$$a NBPNMAT